[Event "FIDE WCC Blitz Women 2019"]
[Site "Moscow"]
[Date "2019.12.29"]
[Round "2.48"]
[White "Fataliyeva, Ulviyya"]
[Black "Garifullina, Leya"]
[Result "1-0"]
[WhiteElo "2108"]
[BlackElo "2267"]
[Annotator "NA"]
[PlyCount "77"]
[EventDate "2019.12.29"]
[EventType "swiss"]
[EventCountry "RUS"]
[SourceTitle "playchess.com"]
[Source "ChessBase"]
[SourceQuality "1"]

1. Nf3 Nf6 2. b3 e6 3. Bb2 d5 4. g3 Be7 5. Bg2 O-O 6. O-O c5 7. e3 b6 8. c4 Bb7 9. Qe2 Qc8 10. Nc3 Rd8 11. Ne1 d4 12. Nd1 Bxg2 13. Nxg2 Nc6 14. f4 Qd7 15. Nf2 dxe3 16. dxe3 Qd2 17. Rfe1 Qxe2 18. Rxe2 Nb4 19. e4 Nd3 20. Nxd3 Rxd3 21. Ne1 Rd7 22. Nf3 Rad8 23. Rae1 Ne8 24. Ne5 Rc7 25. f5 Bf6 26. Nf3 Bxb2 27. Rxb2 Rcd7 28. Rbe2 Nc7 29. Ne5 Rd6 30. Rf1 f6 31. Nf3 Rd3 32. Kg2 h6 33. g4 exf5 34. exf5 Na6 35. Rfe1 R3d7 36. Nh4 Nb4 37. Ng6 Nc6 38. Re8+ Kf7 39. Nh8# 1-0

[Event "FIDE WCC Blitz Women 2019"]
[Site "Moscow"]
[Date "2019.12.29"]
[Round "2.49"]
[White "Batsiashvili, Nino"]
[Black "Nurgali, Nazerke"]
[Result "0-1"]
[WhiteElo "2259"]
[BlackElo "2075"]
[Annotator "NA"]
[PlyCount "96"]
[EventDate "2019.12.29"]
[EventType "swiss"]
[EventCountry "RUS"]
[SourceTitle "playchess.com"]
[Source "ChessBase"]
[SourceQuality "1"]

1. c4 c5 2. Nf3 Nc6 3. g3 g6 4. Bg2 Bg7 5. O-O e6 6. Nc3 Nge7 7. d3 O-O 8. Bg5 h6 9. Bd2 b6 10. a3 Bb7 11. Rb1 d5 12. b4 cxb4 13. axb4 dxc4 14. dxc4 Qd7 15. Qc1 Kh7 16. Rd1 Qc8 17. Nb5 Rd8 18. Bf4 e5 19. Bd2 Nf5 20. e3 a6 21. Nc3 Qe6 22. Nd5 Rac8 23. Nxb6 Rc7 24. c5 e4 25. Ne1 Ne5 26. Bc3 Rxd1 27. Qxd1 Nf3+ 28. Bxf3 exf3 29. Bxg7 Nxg7 30. Qd4 Nf5 31. Qf4 Re7 32. Rd1 Qb3 33. Rc1 Qb2 34. Rc2 Qb1 35. Kf1 Bc6 36. Nc4 Qxb4 37. Nd2 Bb5+ 38. Nc4 Qxc5 39. g4 Nd6 40. Qxf3 Nxc4 41. Kg1 Qb4 42. Qd1 Rd7 43. Qc1 Ne5 44. h3 Qe4 45. Rc7 Bc6 46. f3 Nxf3+ 47. Nxf3 Rxc7 48. Nd4 Qg2# 0-1

[Event "FIDE WCC Blitz Women 2019"]
[Site "Moscow"]
[Date "2019.12.29"]
[Round "2.50"]
[White "Mikhaylova, Irina"]
[Black "Nebolsina, Vera"]
[Result "1-0"]
[WhiteElo "2090"]
[BlackElo "2252"]
[Annotator "NA"]
[PlyCount "89"]
[EventDate "2019.12.29"]
[EventType "swiss"]
[EventCountry "RUS"]
[SourceTitle "playchess.com"]
[Source "ChessBase"]
[SourceQuality "1"]

1. d4 Nf6 2. Nf3 g6 3. c4 Bg7 4. Nc3 d6 5. e4 O-O 6. Be2 e5 7. dxe5 dxe5 8. Qxd8 Rxd8 9. Bg5 Re8 10. Nd5 Nxd5 11. cxd5 c6 12. Bc4 b5 13. Bb3 a5 14. a3 Bb7 15. Rc1 Ra6 16. O-O Nd7 17. Rfd1 c5 18. a4 Bf8 19. axb5 Rb6 20. Bc4 Bd6 21. Ra1 Ra8 22. Ra2 f5 23. Nd2 Kg7 24. f3 Bc7 25. Rda1 Rd6 26. Be3 Bb6 27. Nb3 fxe4 28. fxe4 Nf6 29. Bxc5 Bxc5+ 30. Nxc5 Rb8 31. Rxa5 Bc8 32. Ra6 Bxa6 33. bxa6 Rdb6 34. a7 Ra8 35. Ne6+ Kh6 36. Nc7 Rxa7 37. Rxa7 Rxb2 38. d6 Nxe4 39. d7 Rd2 40. Nb5 Rd1+ 41. Bf1 Nd2 42. Kf2 Nxf1 43. Ke2 Rd5 44. Kxf1 e4 45. Ke2 1-0

[Event "FIDE WCC Blitz Women 2019"]
[Site "Moscow"]
[Date "2019.12.29"]
[Round "2.51"]
[White "Geller, Anastasiya"]
[Black "Matveeva, Svetlana"]
[Result "1/2-1/2"]
[WhiteElo "2073"]
[BlackElo "2239"]
[Annotator "NA"]
[PlyCount "118"]
[EventDate "2019.12.29"]
[EventType "swiss"]
[EventCountry "RUS"]
[SourceTitle "playchess.com"]
[Source "ChessBase"]
[SourceQuality "1"]

1. d4 e6 2. e4 d5 3. exd5 exd5 4. Nf3 Nf6 5. Be2 c5 6. O-O Nc6 7. c3 Be7 8. Nbd2 O-O 9. dxc5 Bxc5 10. Nb3 Bb6 11. Bg5 Re8 12. Re1 Bxf2+ 13. Kxf2 Ne4+ 14. Kg1 Nxg5 15. Nxg5 Qxg5 16. Bf3 Rxe1+ 17. Qxe1 Bg4 18. Bxg4 Qxg4 19. Qe3 Rd8 20. Re1 h6 21. h3 Qg6 22. Nd4 Nxd4 23. Qxd4 Qd6 24. Qxa7 b6 25. Qe7 Qxe7 26. Rxe7 d4 27. cxd4 Rxd4 28. Rb7 Rb4 29. b3 g5 30. Kf2 Kg7 31. Ke3 Kg6 32. Kd3 f5 33. Kc3 Rb5 34. b4 f4 35. a4 Re5 36. Rxb6+ Kf5 37. Rxh6 Re3+ 38. Kc4 Rg3 39. a5 Rxg2 40. a6 f3 41. Rh8 Ra2 42. b5 Ke4 43. Re8+ Kf4 44. Rf8+ Kg3 45. Kb3 Ra1 46. Kb4 f2 47. Kc5 Kg2 48. Kb6 f1=Q 49. Rxf1 Kxf1 50. Kb7 Kg2 51. a7 Kxh3 52. a8=Q Rxa8 53. Kxa8 g4 54. b6 g3 55. b7 g2 56. b8=Q g1=Q 57. Qh8+ Kg2 58. Qg8+ Kf2 59. Qxg1+ Kxg1 1/2-1/2

[Event "FIDE WCC Blitz Women 2019"]
[Site "Moscow"]
[Date "2019.12.29"]
[Round "2.52"]
[White "Tomilova, Elena"]
[Black "Gvanceladze, Anna"]
[Result "1/2-1/2"]
[WhiteElo "2219"]
[BlackElo "2066"]
[Annotator "NA"]
[PlyCount "51"]
[EventDate "2019.12.29"]
[EventType "swiss"]
[EventCountry "RUS"]
[SourceTitle "playchess.com"]
[Source "ChessBase"]
[SourceQuality "1"]

1. c4 c6 2. d4 d5 3. cxd5 cxd5 4. Bg5 Nc6 5. Nc3 Nf6 6. Bxf6 gxf6 7. e3 e6 8. Bd3 f5 9. Nf3 Bd6 10. Rc1 Bd7 11. O-O Rc8 12. a3 Qf6 13. Na4 O-O 14. Nc5 Rc7 15. Nxd7 Rxd7 16. g3 Rc7 17. Qd2 Rfc8 18. Rc2 Qd8 19. Rfc1 Ne7 20. Ne1 Rxc2 21. Rxc2 Rxc2 22. Qxc2 Qc7 23. Ng2 Kg7 24. Ne1 Ng8 25. Nf3 Nf6 26. Kf1 1/2-1/2

[Event "FIDE WCC Blitz Women 2019"]
[Site "Moscow"]
[Date "2019.12.29"]
[Round "2.53"]
[White "Nosacheva, Mariya"]
[Black "Kovanova, Baira"]
[Result "0-1"]
[WhiteElo "2062"]
[BlackElo "2218"]
[Annotator "NA"]
[PlyCount "56"]
[EventDate "2019.12.29"]
[EventType "swiss"]
[EventCountry "RUS"]
[SourceTitle "playchess.com"]
[Source "ChessBase"]
[SourceQuality "1"]

1. e4 e5 2. Nf3 Nc6 3. Bb5 a6 4. Ba4 Nge7 5. c3 g6 6. d4 exd4 7. cxd4 b5 8. Bb3 Bg7 9. O-O d6 10. h3 O-O 11. Nc3 Na5 12. Bc2 Bb7 13. Re1 Re8 14. Bg5 h6 15. Be3 Nc4 16. Bc1 c5 17. a4 cxd4 18. Nxd4 b4 19. Nce2 d5 20. e5 Nxe5 21. Bf4 Rc8 22. b3 N7c6 23. Rc1 Qf6 24. Be3 Qh4 25. Nxc6 Bxc6 26. Nd4 Bd7 27. Bd3 Rxc1 28. Bxc1 Qxd4 0-1

[Event "FIDE WCC Blitz Women 2019"]
[Site "Moscow"]
[Date "2019.12.29"]
[Round "2.54"]
[White "Solozhenkina, Elizaveta"]
[Black "Fominykh, Maria"]
[Result "1-0"]
[WhiteElo "2214"]
[BlackElo "2055"]
[Annotator "NA"]
[PlyCount "85"]
[EventDate "2019.12.29"]
[EventType "swiss"]
[EventCountry "RUS"]
[SourceTitle "playchess.com"]
[Source "ChessBase"]
[SourceQuality "1"]

1. Nf3 Nf6 2. g3 g6 3. d4 Bg7 4. Bg2 d6 5. O-O O-O 6. Nc3 Nbd7 7. Re1 e5 8. e4 c6 9. a4 a5 10. h3 Re8 11. Be3 h6 12. Qd2 Kh7 13. Rad1 Qc7 14. g4 exd4 15. Bxd4 Ne5 16. b3 Nxf3+ 17. Bxf3 Be6 18. Ne2 Rad8 19. Nf4 c5 20. Bc3 b6 21. Nd5 Nxd5 22. exd5 Bc8 23. Bxg7 Kxg7 24. Qc3+ f6 25. Re3 Re5 26. Be4 Rde8 27. Qd3 Qf7 28. f4 R5e7 29. Rde1 f5 30. gxf5 gxf5 31. Bg2 Rxe3 32. Rxe3 Rxe3 33. Qxe3 Qf6 34. Kh2 Kg6 35. Qe8+ Qf7 36. Qxc8 Qe7 37. Qe6+ Qxe6 38. dxe6 Kf6 39. Bd5 Ke7 40. Kg3 c4 41. bxc4 Kf6 42. Kh4 Ke7 43. Kh5 1-0

[Event "FIDE WCC Blitz Women 2019"]
[Site "Moscow"]
[Date "2019.12.29"]
[Round "2.55"]
[White "Atalik, Ekaterina"]
[Black "Fatianova, Tatiana"]
[Result "1-0"]
[WhiteElo "2211"]
[BlackElo "2029"]
[Annotator "NA"]
[PlyCount "113"]
[EventDate "2019.12.29"]
[EventType "swiss"]
[EventCountry "RUS"]
[SourceTitle "playchess.com"]
[Source "ChessBase"]
[SourceQuality "1"]

1. Nf3 Nc6 2. d4 d6 3. g3 Nf6 4. Bg2 g6 5. O-O Bg7 6. c3 O-O 7. Re1 e5 8. d5 Ne7 9. e4 Nd7 10. c4 a5 11. Nc3 Nc5 12. b3 f5 13. exf5 gxf5 14. Bb2 Ng6 15. Na4 Nxa4 16. bxa4 b6 17. Qd2 Bd7 18. h4 Bxa4 19. h5 Nh8 20. Ng5 Bh6 21. f4 Nf7 22. Ne6 Qe7 23. Nxf8 Rxf8 24. Rf1 Bd7 25. Rae1 Bg7 26. Bh3 e4 27. Bxg7 Kxg7 28. g4 fxg4 29. Bg2 Bf5 30. Bxe4 Bxe4 31. Qd4+ Qf6 32. Qxf6+ Kxf6 33. Rxe4 Nh6 34. f5 Kg5 35. f6 Kxh5 36. Re7 Rf7 37. Kg2 Kg5 38. Kg3 Rxf6 39. Rxf6 Kxf6 40. Rxh7 Kg5 41. Rxc7 Nf5+ 42. Kg2 Ne3+ 43. Kf2 Kf4 44. Rf7+ Nf5 45. Rf6 Ke5 46. Rg6 Kf4 47. a4 g3+ 48. Kg1 Ne3 49. Rxd6 Nxc4 50. Rc6 Nb2 51. Rxb6 Nxa4 52. Rb5 Nc3 53. Rxa5 Ne2+ 54. Kg2 Nd4 55. d6 Ne6 56. d7 Nd8 57. Ra8 1-0

[Event "FIDE WCC Blitz Women 2019"]
[Site "Moscow"]
[Date "2019.12.29"]
[Round "2.56"]
[White "Barchuk, Irina"]
[Black "Belenkaya, Dina"]
[Result "0-1"]
[WhiteElo "2047"]
[BlackElo "2203"]
[Annotator "NA"]
[PlyCount "52"]
[EventDate "2019.12.29"]
[EventType "swiss"]
[EventCountry "RUS"]
[SourceTitle "playchess.com"]
[Source "ChessBase"]
[SourceQuality "1"]

1. e4 d5 2. exd5 Qxd5 3. Nc3 Qa5 4. d4 c6 5. Bd2 Bf5 6. Bc4 Qb6 7. Qe2 e6 8. O-O-O Nf6 9. Bg5 Be7 10. Bxf6 Bxf6 11. g4 Bg6 12. f4 O-O 13. Nf3 c5 14. Na4 Qc6 15. Nxc5 Bxd4 16. Nxd4 Qxc5 17. Bxe6 fxe6 18. Nxe6 Qe7 19. f5 Bf7 20. Rhe1 Bxe6 21. fxe6 a5 22. Qc4 Ra6 23. Rd7 Nxd7 24. exd7+ Qf7 25. Qxf7+ Kxf7 26. Re8 Rd6 0-1

[Event "FIDE WCC Blitz Women 2019"]
[Site "Moscow"]
[Date "2019.12.29"]
[Round "2.57"]
[White "Muetsch, Annmarie"]
[Black "Serikbay, Assel"]
[Result "0-1"]
[WhiteElo "2202"]
[BlackElo "2028"]
[Annotator "NA"]
[PlyCount "52"]
[EventDate "2019.12.29"]
[EventType "swiss"]
[EventCountry "RUS"]
[SourceTitle "playchess.com"]
[Source "ChessBase"]
[SourceQuality "1"]

1. e4 c5 2. Nf3 e6 3. d4 cxd4 4. Nxd4 a6 5. c4 Nf6 6. Nc3 Qc7 7. a3 d6 8. Be2 b6 9. O-O Bb7 10. f3 Be7 11. Be3 Nbd7 12. Qd2 O-O 13. a4 Rac8 14. a5 Rfd8 15. Qe1 bxa5 16. Nb3 d5 17. exd5 exd5 18. Nxa5 dxc4 19. Bxc4 Ne5 20. Bb3 Nd3 21. Qe2 Bc5 22. Nxb7 Qxb7 23. Bxc5 Rxc5 24. Bc2 Re5 25. Qd1 Qb6+ 26. Kh1 Nf2+ 0-1

[Event "FIDE WCC Blitz Women 2019"]
[Site "Moscow"]
[Date "2019.12.29"]
[Round "2.58"]
[White "Lysenko, Margarita"]
[Black "Munkhzul, Davaakhuu"]
[Result "1/2-1/2"]
[WhiteElo "2188"]
[BlackElo "1973"]
[Annotator "NA"]
[PlyCount "72"]
[EventDate "2019.12.29"]
[EventType "swiss"]
[EventCountry "RUS"]
[SourceTitle "playchess.com"]
[Source "ChessBase"]
[SourceQuality "1"]

1. d4 d5 2. c4 e6 3. Nc3 a6 4. cxd5 exd5 5. Bf4 Nf6 6. e3 Bd6 7. Bg5 Be6 8. Bd3 Nbd7 9. Nf3 c6 10. Qc2 h6 11. Bh4 O-O 12. Bg3 Qc7 13. Bxd6 Qxd6 14. h3 Rfe8 15. g4 Nf8 16. g5 hxg5 17. Nxg5 c5 18. dxc5 Qxc5 19. O-O-O d4 20. Nxe6 Nxe6 21. exd4 Nxd4 22. Qa4 b5 23. Qxd4 Qxd4 24. Bh7+ Kxh7 25. Rxd4 Rad8 26. Rhd1 Rxd4 27. Rxd4 Re1+ 28. Kd2 Rh1 29. h4 Kh6 30. Ne2 Rh2 31. Ke3 Rh3+ 32. Ng3 Nh5 33. Kf3 Nxg3 34. fxg3 Rh2 35. Rd6+ g6 36. Rxa6 Rxb2 1/2-1/2

[Event "FIDE WCC Blitz Women 2019"]
[Site "Moscow"]
[Date "2019.12.29"]
[Round "2.59"]
[White "Borisova, Ekaterina"]
[Black "Badelka, Olga"]
[Result "1-0"]
[WhiteElo "2029"]
[BlackElo "2186"]
[Annotator "NA"]
[PlyCount "105"]
[EventDate "2019.12.29"]
[EventType "swiss"]
[EventCountry "RUS"]
[SourceTitle "playchess.com"]
[Source "ChessBase"]
[SourceQuality "1"]

1. Nf3 c5 2. c4 Nc6 3. d4 cxd4 4. Nxd4 Nf6 5. Nc3 e6 6. e4 Bb4 7. Qd3 O-O 8. f3 d5 9. Nxc6 bxc6 10. Bd2 d4 11. Ne2 Bxd2+ 12. Qxd2 e5 13. Nc1 Be6 14. Be2 c5 15. O-O Nd7 16. b3 a5 17. Nd3 Qb6 18. Nb2 g6 19. Bd3 Rae8 20. Na4 Qc7 21. a3 Rb8 22. Rab1 f5 23. Qg5 f4 24. Qe7 Rfe8 25. Qh4 Rb7 26. Rb2 Nb6 27. Nxb6 Qxb6 28. g3 Rf7 29. g4 Rb8 30. Rfb1 Qd6 31. Qe1 Qd8 32. b4 axb4 33. axb4 cxb4 34. Rxb4 Rc8 35. Qe2 Ra7 36. Rb6 Bf7 37. Qb2 Raa8 38. Rb7 Qh4 39. Qb5 Qh3 40. Be2 Re8 41. Rxf7 Kxf7 42. Qd5+ Kg7 43. g5 Ra7 44. c5 Qd7 45. c6 Qc7 46. Bc4 Rd8 47. Qc5 Rb8 48. Rxb8 Qxb8 49. Kg2 Qc7 50. Qd5 Ra8 51. Qe6 Rf8 52. h4 Qd8 53. Qxe5+ 1-0

[Event "FIDE WCC Blitz Women 2019"]
[Site "Moscow"]
[Date "2019.12.29"]
[Round "2.60"]
[White "Antonova, Nadezhda"]
[Black "Agrest, Inna"]
[Result "1-0"]
[WhiteElo "1914"]
[BlackElo "2180"]
[Annotator "NA"]
[PlyCount "95"]
[EventDate "2019.12.29"]
[EventType "swiss"]
[EventCountry "RUS"]
[SourceTitle "playchess.com"]
[Source "ChessBase"]
[SourceQuality "1"]

1. d4 Nf6 2. Nf3 g6 3. Nbd2 d5 4. e3 Bg7 5. b4 O-O 6. Bb2 c6 7. a4 Nbd7 8. Be2 Re8 9. O-O Ne4 10. c4 f5 11. cxd5 cxd5 12. Qb3 e6 13. g3 Ndf6 14. Rac1 Bd7 15. Rc2 Rc8 16. Rfc1 Rxc2 17. Rxc2 Qb6 18. a5 Qd6 19. Ba3 Bf8 20. Nxe4 Nxe4 21. Ne5 Qe7 22. Rc7 Rd8 23. Rxb7 Qd6 24. Rxa7 Be8 25. Qc2 Qb8 26. Qc7 Qxc7 27. Rxc7 Rb8 28. a6 Nd6 29. a7 Ra8 30. Nd7 Bxd7 31. Rxd7 Nc8 32. Rc7 Bd6 33. Rc6 Kf7 34. Ba6 Nxa7 35. Rxd6 Nc8 36. Rd7+ Kf6 37. b5 Nb6 38. Be7+ Kf7 39. Bc5+ Nxd7 40. Bb4 Rb8 41. Bd6 Rb6 42. Bc7 Ke7 43. Bxb6 Nxb6 44. h4 Kd6 45. Kg2 Kc7 46. Kf3 Nd7 47. Kf4 Kb6 48. Kg5 1-0

[Event "FIDE WCC Blitz Women 2019"]
[Site "Moscow"]
[Date "2019.12.29"]
[Round "3.1"]
[White "Lagno, Kateryna"]
[Black "Assaubayeva, Bibisara"]
[Result "1-0"]
[WhiteElo "2606"]
[BlackElo "2323"]
[Annotator "TA"]
[PlyCount "93"]
[EventDate "2019.12.29"]
[EventType "swiss"]
[EventCountry "RUS"]
[SourceTitle "playchess.com"]
[Source "ChessBase"]
[SourceQuality "1"]

1. e4 e5 2. Nf3 Nc6 3. Bb5 a6 4. Ba4 Nf6 5. O-O Be7 6. d3 b5 7. Bb3 d6 8. a4 Bd7 9. c3 O-O 10. Re1 Na5 11. Bc2 c5 12. Nbd2 Qc7 13. Nf1 Rfe8 14. Bg5 Nc6 15. Ne3 Be6 16. d4 cxd4 17. cxd4 exd4 18. Nxd4 Nxd4 19. Qxd4 Qc5 20. Qxc5 dxc5 21. axb5 axb5 22. e5 Rxa1 23. Rxa1 Nd7 24. Bxe7 Rxe7 25. Ra8+ Nf8 26. f4 g6 27. g4 Rc7 28. f5 gxf5 29. gxf5 Rc8 30. Ra7 Bd7 31. Nd5 Rd8 32. Kf2 Kg7 33. Ne3 Re8 34. Ng4 Rd8 35. Ke3 h5 36. Nf6 Kh6 37. Nxd7 Nxd7 38. e6 fxe6 39. fxe6 Nf6 40. Kf4 Rd5 41. Rf7 Rd4+ 42. Ke5 Ng4+ 43. Kf5 Ne3+ 44. Kf6 Nxc2 45. e7 Re4 46. Rf8 Nd4 47. Rh8# 1-0

[Event "FIDE WCC Blitz Women 2019"]
[Site "Moscow"]
[Date "2019.12.29"]
[Round "3.2"]
[White "Bulmaga, Irina"]
[Black "Lei, Tingjie"]
[Result "1/2-1/2"]
[WhiteElo "2308"]
[BlackElo "2543"]
[Annotator "ChessBase"]
[PlyCount "124"]
[EventDate "2019.12.29"]
[EventType "swiss"]
[EventCountry "RUS"]
[SourceTitle "playchess.com"]
[Source "ChessBase"]
[SourceQuality "1"]

1. e4 e5 2. d4 exd4 3. Nf3 Nc6 4. Nxd4 Nf6 5. Nxc6 bxc6 6. Bd3 d6 7. O-O Be7 8. c4 O-O 9. Nc3 Nd7 10. f4 Bf6 11. Qc2 Nc5 12. Be2 Re8 13. Bf3 Ne6 14. Ne2 Rb8 15. Rb1 c5 16. g3 Nd4 17. Nxd4 Bxd4+ 18. Kh1 Bb7 19. Bg2 Qe7 20. Re1 f5 21. e5 Bxg2+ 22. Qxg2 Qf7 23. b3 dxe5 24. fxe5 Bxe5 25. Be3 f4 26. Bxf4 Bxf4 27. Rf1 Qg6 28. gxf4 Qh5 29. Rbe1 Rxe1 30. Rxe1 Rd8 31. h3 Qf5 32. Qf3 h6 33. Rd1 Rxd1+ 34. Qxd1 Qxh3+ 35. Kg1 Qg3+ 36. Kh1 Qe3 37. Qd8+ Kh7 38. Qxc7 Qe1+ 39. Kg2 Qd2+ 40. Kg3 Qxa2 41. Qxc5 Qxb3+ 42. Kg4 Qd1+ 43. Kg3 Qd3+ 44. Kg4 Qe2+ 45. Kg3 a5 46. Qf5+ Kg8 47. Qc8+ Kf7 48. c5 Qe3+ 49. Kg2 Qe4+ 50. Kg3 Qe3+ 51. Kg2 Qxf4 52. c6 Qe4+ 53. Kf2 Qd4+ 54. Kg2 Qd5+ 55. Kf2 Qc5+ 56. Kg2 Qc2+ 57. Kg3 Qg6+ 58. Kf2 Qf6+ 59. Kg2 Qg5+ 60. Kf2 Qf4+ 61. Kg2 Qg5+ 62. Kf2 Qf4+ 1/2-1/2

[Event "FIDE WCC Blitz Women 2019"]
[Site "Moscow"]
[Date "2019.12.29"]
[Round "3.4"]
[White "Koneru, Humpy"]
[Black "Mammadova, Gulnar"]
[Result "1-0"]
[WhiteElo "2489"]
[BlackElo "2293"]
[Annotator "ChessBase"]
[PlyCount "61"]
[EventDate "2019.12.29"]
[EventType "swiss"]
[EventCountry "RUS"]
[SourceTitle "playchess.com"]
[Source "ChessBase"]
[SourceQuality "1"]

1. d4 g6 2. c4 Bg7 3. g3 d6 4. Bg2 Nd7 5. Nc3 e5 6. e3 Ne7 7. Nge2 O-O 8. O-O f5 9. b3 c6 10. Ba3 c5 11. Nb5 exd4 12. exd4 Qb6 13. Bb2 a6 14. Nbc3 Nf6 15. Re1 Qc7 16. dxc5 dxc5 17. Nf4 Ra7 18. Qe2 b6 19. Rad1 Re8 20. Qc2 g5 21. Nfd5 Nexd5 22. Rxe8+ Nxe8 23. Nxd5 Qb8 24. Bxg7 Rxg7 25. Re1 Bd7 26. Ne7+ Kh8 27. Nxf5 Bxf5 28. Qxf5 Nd6 29. Qf6 b5 30. Re7 Nf5 31. Rf7 1-0

[Event "FIDE WCC Blitz Women 2019"]
[Site "Moscow"]
[Date "2019.12.29"]
[Round "3.5"]
[White "Voit, Daria"]
[Black "Tan, Zhongyi"]
[Result "1/2-1/2"]
[WhiteElo "2293"]
[BlackElo "2480"]
[Annotator "TA"]
[PlyCount "132"]
[EventDate "2019.12.29"]
[EventType "swiss"]
[EventCountry "RUS"]
[SourceTitle "playchess.com"]
[Source "ChessBase"]
[SourceQuality "1"]

1. d4 Nf6 2. Nf3 e6 3. c4 d5 4. g3 Bb4+ 5. Bd2 Bd6 6. Bg2 O-O 7. O-O c6 8. Qc2 Nbd7 9. b3 Ne4 10. Nc3 f5 11. Bf4 Qe7 12. Bxd6 Qxd6 13. Ne1 b6 14. f3 Nxc3 15. Qxc3 Ba6 16. Nd3 Rac8 17. Rfd1 Qe7 18. Rac1 Rfd8 19. Nb4 Bb7 20. e3 dxc4 21. Qxc4 c5 22. dxc5 Rxc5 23. Qd4 Rxc1 24. Rxc1 Nf6 25. Qh4 Rd2 26. Nc6 Bxc6 27. Rxc6 h6 28. Bf1 Qd7 29. Qc4 Nd5 30. Rc8+ Kh7 31. Qc6 Nxe3 32. Qxd7 Rxd7 33. Bb5 Rd5 34. a4 Rd2 35. Re8 Rg2+ 36. Kh1 Rb2 37. Kg1 Rxb3 38. Rxe6 Nc2 39. Re7 Nd4 40. Be8 Nxf3+ 41. Kg2 a5 42. Rb7 Nd4 43. Rd7 Rb2+ 44. Kf1 Nf3 45. h4 Rd2 46. Rb7 Rd6 47. h5 Kg8 48. Bg6 Rd8 49. Rxb6 Nd4 50. Ra6 Kf8 51. Rxa5 Ke7 52. Bxf5 Nxf5 53. Rxf5 Ke6 54. Rf3 Rd1+ 55. Kg2 Ra1 56. Rf4 Ke5 57. Rg4 Kf6 58. Kf3 Ra3+ 59. Ke2 Kf7 60. Kd2 Kf6 61. Kc2 Kf5 62. Rxg7 Rxa4 63. Rg6 Rg4 64. Rxh6 Rxg3 65. Kd2 Rh3 66. Ke2 Kg5 1/2-1/2

[Event "FIDE WCC Blitz Women 2019"]
[Site "Moscow"]
[Date "2019.12.29"]
[Round "3.6"]
[White "Saduakassova, Dinara"]
[Black "Munguntuul, Batkhuyag"]
[Result "0-1"]
[WhiteElo "2390"]
[BlackElo "2282"]
[Annotator "NA"]
[PlyCount "68"]
[EventDate "2019.12.29"]
[EventType "swiss"]
[EventCountry "RUS"]
[SourceTitle "playchess.com"]
[Source "ChessBase"]
[SourceQuality "1"]

1. d4 d5 2. c4 c6 3. Nf3 Nf6 4. e3 Bf5 5. Nc3 e6 6. Nh4 Be4 7. f3 Bg6 8. Qb3 Qc7 9. Bd2 Be7 10. cxd5 cxd5 11. Nxg6 hxg6 12. O-O-O O-O 13. Kb1 Nc6 14. Rc1 a6 15. g4 Na5 16. Qd1 Nc4 17. g5 Nh5 18. f4 b5 19. Ne2 Rac8 20. Bg2 b4 21. Ng3 Qb6 22. b3 Na3+ 23. Ka1 Nxf4 24. Qf3 Nd3 25. Ne2 Nxc1 26. Bxc1 Qa5 27. Bb2 Rc2 28. Rf1 Bxg5 29. h4 Bf6 30. Nc1 Rfc8 31. Nd3 Qb5 32. e4 Rxg2 33. Qxg2 Qxd3 34. e5 Nc2+ 0-1

[Event "FIDE WCC Blitz Women 2019"]
[Site "Moscow"]
[Date "2019.12.29"]
[Round "3.7"]
[White "Sargsyan, Anna"]
[Black "Gevorgyan, Maria"]
[Result "1-0"]
[WhiteElo "1708"]
[BlackElo "2244"]
[Annotator "NA"]
[PlyCount "75"]
[EventDate "2019.12.29"]
[EventType "swiss"]
[EventCountry "RUS"]
[SourceTitle "playchess.com"]
[Source "ChessBase"]
[SourceQuality "1"]

1. e4 e5 2. Nf3 Nf6 3. Nc3 Nc6 4. d4 exd4 5. Nxd4 Bb4 6. Nxc6 bxc6 7. Bd3 d5 8. exd5 cxd5 9. O-O O-O 10. Qf3 c6 11. h3 h6 12. Bf4 Bd6 13. Bg3 Rb8 14. Rab1 Be6 15. Ne2 c5 16. b3 Bxg3 17. fxg3 c4 18. Bf5 Bxf5 19. Qxf5 Qb6+ 20. Kh2 Qe3 21. Nf4 cxb3 22. axb3 Qe4 23. Nd3 Rfc8 24. Qf2 Rc7 25. Rbe1 Qg6 26. Re2 Ne4 27. Qf4 Rbc8 28. Nb4 Rc5 29. Nxd5 Rxd5 30. Rxe4 Rxc2 31. Re8+ Kh7 32. Qb8 Qd3 33. Rxf7 Qd2 34. Rh8+ Kg6 35. Rxg7+ Kxg7 36. Qf8+ Kg6 37. Rg8+ Kh5 38. Qf7# 1-0

[Event "FIDE WCC Blitz Women 2019"]
[Site "Moscow"]
[Date "2019.12.29"]
[Round "3.8"]
[White "Druzhinina, Olga"]
[Black "Paehtz, Elisabeth"]
[Result "0-1"]
[WhiteElo "2245"]
[BlackElo "2380"]
[Annotator "TA"]
[PlyCount "108"]
[EventDate "2019.12.29"]
[EventType "swiss"]
[EventCountry "RUS"]
[SourceTitle "playchess.com"]
[Source "ChessBase"]
[SourceQuality "1"]

1. e4 c5 2. Nf3 d6 3. Bb5+ Nd7 4. O-O Ngf6 5. Re1 a6 6. Bf1 g6 7. c4 Bg7 8. Nc3 O-O 9. d4 cxd4 10. Nxd4 e6 11. Nc2 Qc7 12. Bf4 Ne5 13. Ne3 Nh5 14. Bg5 h6 15. Bh4 Nf4 16. Rc1 g5 17. Bg3 Neg6 18. Bxf4 gxf4 19. Nc2 Bd7 20. f3 Qb6+ 21. Kh1 Qxb2 22. Ne2 Qb6 23. Rb1 Qc7 24. Qd2 Be5 25. Ned4 Rac8 26. Red1 Rfd8 27. Nb3 b5 28. Na5 Rb8 29. Rdc1 b4 30. Nb3 a5 31. Nbd4 Ba4 32. Nb5 Bxb5 33. cxb5 Qb6 34. Ne1 Bc3 35. Qe2 d5 36. exd5 Rxd5 37. a4 Rd2 38. Qe4 Rbd8 39. Nd3 f5 40. Qc4 Kg7 41. Nxf4 Nxf4 42. Qxf4 Qd4 43. Qg3+ Kh7 44. Re1 Rg8 45. Qc7+ Rg7 46. Qc6 e5 47. Qf6 Qf4 48. Rbd1 Rxd1 49. Rxd1 Qg5 50. Qc6 Bd4 51. b6 Qe3 52. Bd3 e4 53. fxe4 Qf2 54. exf5 Qxg2+ 0-1

[Event "FIDE WCC Blitz Women 2019"]
[Site "Moscow"]
[Date "2019.12.29"]
[Round "3.9"]
[White "Gvetadze, Sofio"]
[Black "Gunina, Valentina"]
[Result "1-0"]
[WhiteElo "2202"]
[BlackElo "2366"]
[Annotator "TA"]
[PlyCount "123"]
[EventDate "2019.12.29"]
[EventType "swiss"]
[EventCountry "RUS"]
[SourceTitle "playchess.com"]
[Source "ChessBase"]
[SourceQuality "1"]

1. Nf3 d5 2. g3 c6 3. Bg2 Bg4 4. O-O Nd7 5. d3 e6 6. Nbd2 Ngf6 7. e4 Bc5 8. Qe1 O-O 9. e5 Ne8 10. d4 Bb6 11. h3 Bf5 12. Qd1 c5 13. c3 Rc8 14. Re1 cxd4 15. Nxd4 Bg6 16. N2f3 Nc5 17. Bg5 Qd7 18. Nh4 Be4 19. Bxe4 Nxe4 20. Bf4 f6 21. exf6 N8xf6 22. Nhf3 Nh5 23. Ne5 Qe8 24. Be3 Bc7 25. Nd3 Qg6 26. Qg4 Rce8 27. Qxg6 hxg6 28. Nb5 Bb6 29. Nxa7 Bxe3 30. Rxe3 g5 31. Nb5 Re7 32. Rae1 Ref7 33. R1e2 Rf6 34. Nd4 g6 35. Nb3 Ng7 36. g4 Ne8 37. Kg2 Nc7 38. f3 Nd6 39. Nd4 Nc4 40. Nc5 Nxe3+ 41. Rxe3 Ra8 42. a3 b5 43. Nd7 Rf7 44. Ne5 Rg7 45. Nec6 Re8 46. Kg3 Kh7 47. Ne5 Rge7 48. Ndc6 Rg7 49. Nd4 Rf8 50. Nec6 Rgf7 51. Ne5 Re7 52. Ndc6 Ree8 53. Nd4 Kg7 54. Nec6 Rf6 55. Re5 Ref8 56. Rxg5 Na6 57. Re5 Nc5 58. b4 Nd3 59. Re3 Nf4 60. g5 Nh5+ 61. Kg2 Nf4+ 62. Kh2 1-0